Datum a čas kvízu
29
Celkem bodů
Celkový počet nahraných bodů na tomto kvízu bez doplňovacích otázek.
10.
Pořadí na kvízu
Konečné umístění týmu na tomto kvízu.
Zaznamenané odpovědi
| # | Otázka | Odpověď | Body | Výsledky |
|---|---|---|---|---|
| 1. | Ministr zahraničí České republ... | Madeleine Albrightová | 1 | |
| 2. | Dvaaosmdesátiletý prezident Ab... | Alžírsko | 1 | |
| 3. | Stejně jako je _____ _____ cen... | Skleněný pokoj | 1 | |
| 4. | Možná jste i Vy zaznamenali, ž... | 1 | ||
| 5. | Páteční los určil čtvrtfinálov... | 1B 2A 3D 4C | 0 | |
| 1. | Toto téma jste vybrali prostře... | DEA | 0 | |
| 2. | Hlavní postava seriálu Ve jmén... | Írán | 0 | |
| 3. | V seriálu Boardwalk Empire ovl... | Atlantic City | 0 | |
| 4. | Herečku Robin Wrightovou, jedn... | Forrest Gump | 0 | |
| 5. | Jak se jmenuje český herec, da... | Aleš Háma | 0 |